| 000 | 00000nam##2200000za#4500 |
| 001 | 9.625959 |
| 003 | CaOODSP |
| 005 | 20210615104250 |
| 007 | ta |
| 008 | 150406|2002||||xxc||||| f|0| 0 fre|d |
| 040 | |aCaOODSP|bfre |
| 043 | |an-cn--- |
| 086 | 1 |aNH18-23/99F |
| 110 | 2 |aSociété canadienne d'hypothèques et de logement. |
| 245 | 10|aEnjeux de l'occupation des sols interdisant les maisons mobiles comme logements abordables |
| 260 | |aOttawa - Ontario : |bSociété canadienne d'hypothèques et de logement |c2002. |
| 300 | |a5p. ; |c28 cm. |
| 490 | 1 |aLe point en recherche. Série socio-économique |v99 |
| 563 | |aDépliant |
| 590 | |a02-34|b2002-08-23 |
| 691 | 07|aImmobilier|2gcpds |
| 691 | 07|aIndustrie de la construction|2gcpds |
| 691 | 07|aLogement|2gcpds |
| 775 | 08|tLand use issues impeding affordable housing with mobile homes |w(CaOODSP)9.616010 |
| 776 | 0#|tEnjeux de l'occupation des sols interdisant les maisons mobiles comme logements abordables |w(CaOODSP)9.602204 |
| 830 | #0|aLe point en recherche. Série socio-économique ;|v99|w(CaOODSP)9.513180 |
| 986 | |a62772 |